| 000 | 00663nam a2200229 a 4500 | ||
|---|---|---|---|
| 001 | 46043 | ||
| 003 | BD-RjUL | ||
| 005 | 20211209054112.0 | ||
| 008 | 160730s1970 enkab 001 0 eng d | ||
| 035 | _a(BD-RjUL)46161 | ||
| 040 |
_aDLC _cDLC _dEQO _dBD-RjUL _beng |
||
| 041 | _aeng | ||
| 082 |
_a327.0904 _223 _bCRB 1970 |
||
| 100 | 1 |
_aCrowley, D. W. _q(Desmond William), _d1920- _9140751 |
|
| 245 | 1 | 4 |
_aThe background to current affairs / _cby D. W. Crowley |
| 250 | _a5th ed. | ||
| 260 |
_aLondon : _bMacmillan, _c1970 |
||
| 300 |
_axi, 392 p. : _bill. ; _c23 cm |
||
| 500 | _aIncludes index. | ||
| 650 | 0 |
_aWorld politics _y1955-1965 _9128699 |
|
| 942 |
_2ddc _cBK |
||
| 999 |
_c46043 _d46043 |
||